000
00336nam a22001577a 4500
003
SGT
020
_a
978-0-07-180053-2
082
_a
615.58, P14D
100
_a
DIPIRO, J.T.
245
_a
PHARMACOTHERAPY
250
_a
9TH
260
_a
NEW YORK
_b
MAC-GNOW HILL
_c
2014
300
_a
2586
650
_a
PHARMACOTHERAPY
942
_2
ddc
_c
BK
999
_c
8146
_d
8146